Zákon o dani z dedičstva, darovania, prevodu a prechodu nehnuteľností

Tretí diel seriálu o jednotlivých druhoch daní, pripraveného v spolupráci s Ministerstvom financií SR a so Slovenskou televíziou. Daň z dedičstva (predmet a výpočet dane, nárok na zákonné oslobodenie). Daň z darovania (vznik daňovej povinnosti a správca dane). Daň z prevodu a prechodu nehnuteľností.

Guardado en:
Detalles Bibliográficos
Formato: Capítulo de libro
Lenguaje:eslovaco
Materias:
Etiquetas: Agregar Etiqueta
Sin Etiquetas, Sea el primero en etiquetar este registro!

MARC

LEADER 00000naa a2200000 4500
001 r021782
005 20230801105313.8
041 0 |a slo 
044 |a SK 
245 1 0 |a Zákon o dani z dedičstva, darovania, prevodu a prechodu nehnuteľností 
520 |a Tretí diel seriálu o jednotlivých druhoch daní, pripraveného v spolupráci s Ministerstvom financií SR a so Slovenskou televíziou. Daň z dedičstva (predmet a výpočet dane, nárok na zákonné oslobodenie). Daň z darovania (vznik daňovej povinnosti a správca dane). Daň z prevodu a prechodu nehnuteľností. 
610 2 0 |a Slovensko 
610 2 0 |a 1992-1996 
610 2 0 |a zákony 
610 2 0 |a dane z dedičstva 
610 2 0 |a dary 
610 2 0 |a dane z nehnuteľností 
610 2 0 |a Slovenská televízia Bratislava 
610 2 0 |a MF SR Bratislava 
610 2 0 |a dane